K dialektike "bytie-vedomie-svetonázor" osobnosti

Bibliographic Details
Main Author: Turan, Dušan, 1952- (Author)
Format: Article
Language:Slovak
PhysicalDescription:Res. v slov., rus., angl., nem., lit. 8 zázn. v slov., ruš.
Subjects:

MARC

LEADER 00000nab a2200000 a 4500
001 vtls000196025
003 SK-MaSNL
005 20260304210420.0
008 111103c1984 xo 0 slo
015 |a SNBRA19rr/mm-uuuuu 
035 |a CL0206138 
040 |a SNKBUCL  |b slo  |c SNKBUCL  |e AACR2 
041 0 |a slo 
044 |a xo  |c SK 
080 |a 1 100.211.2  |2 1981 
100 1 |a Turan, Dušan,  |d 1952-  |4 aut  |9 314960 
245 1 0 |a K dialektike "bytie-vedomie-svetonázor" osobnosti  |c Dušan Turan 
300 |b Res. v slov., rus., angl., nem., lit. 8 zázn. v slov., ruš. 
650 0 7 |a marxistická dialektika  |2 snkbucl  |9 229975 
650 0 7 |a osobnosť (filozofia)  |2 snkbucl  |9 250565 
650 0 7 |a bytie  |2 snkbucl  |9 18137 
650 0 7 |a vedomie  |2 snkbucl  |9 4384 
655 7 |a články zo zborníkov  |2 snkbucl  |9 166140 
773 0 |t Práce a štúdie Vysokej školy dopravy a spojov v Žiline. Séria spoločenskovedná. Zv. 11  |d Bratislava : Alfa, 1984  |g S. 7-20 
850 |a Slovenská národná knižnica v Martine  |a MTA001 
852 |a SNK  |b KIS3GCP 
958 |a RK 
992 |a RZB 
999 |c 3125972  |d 3127902